Critical Approaches, Integration of Research and Relevance of Geography
Opakované výzvy na integrovaný geografický výskum potvrdzujú dlhodobé skúsenosti s akceptáciou dosiahnutých výsledkov pre spoločenské využitie. Najnovší apel geografov s názvom Kritická fyzická geografia zdôraznil, že pre mocenské vzťahy (manažment) je dôležitý kritický prístup zhodnotenia poznatkov...
Enregistré dans:
| Auteur principal: | |
|---|---|
| Autres auteurs: | , , , |
| Format: | Chapitre de livre |
| Langue: | anglais |
| Sujets: | |
| Tags: |
Pas de tags, Soyez le premier à ajouter un tag!
|
MARC
| LEADER | 00000naa a2200000 4500 | ||
|---|---|---|---|
| 001 | 0262306 | ||
| 005 | 20200212110533.9 | ||
| 041 | 0 | |a eng | |
| 044 | |a SK | ||
| 245 | 1 | 0 | |a Critical Approaches, Integration of Research and Relevance of Geography |c Ján Oťaheľ, René Matlovič, Kvetoslava Matlovičová, Eva Michaeli, Jozef Vilček |
| 520 | |a Opakované výzvy na integrovaný geografický výskum potvrdzujú dlhodobé skúsenosti s akceptáciou dosiahnutých výsledkov pre spoločenské využitie. Najnovší apel geografov s názvom Kritická fyzická geografia zdôraznil, že pre mocenské vzťahy (manažment) je dôležitý kritický prístup zhodnotenia poznatkov fyzickej geografie s aktívnym zapojením humánnych geografov. Boli to spoločenské požiadavky na riešenie problémov životného prostredia, ktoré iniciovali integračné tendencie a formulovanie postupov vychádzahúcich z holistického prístupu k poznaniu krajiny a jej racionálneho využitia. | ||
| 610 | 2 | 0 | |a geografia |
| 610 | 2 | 0 | |a veda |
| 610 | 2 | 0 | |a výskum |
| 610 | 2 | 0 | |a prostredie životné |
| 100 | 1 | |a Oťaheľ, Ján | |
| 700 | 1 | |a Matlovič, René | |
| 700 | 1 | |a Matlovičová, Kvetoslava | |
| 700 | 1 | |a Michaeli, Eva | |
| 700 | 1 | |a Vilček, Jozef | |